000 00443nam a22001817a 4500
003 MPLRDC
005 20220104144436.0
008 210129b ||||| |||| 00| 0 eng d
020 _a7-02-000010-X
082 _a848.1 XH-7
100 _a萧红著
245 _a生死场, 后花园, 小城三月
_c
250 _a初版
260 _a
_b人民文学出版社
_c1987
300 _b
650 _a现代别集
942 _cBK
_o848.1 XH-7
999 _c49644
_d49634